The Economics of Money, Banking and Financial Markets (Record no. 2068)

MARC details
005 - DATE AND TIME OF LATEST TRANSACTION
control field 20250507080042.0
020 ## - INTERNATIONAL STANDARD BOOK NUMBER
International Standard Book Number 0-321-42395-X
082 ## - DEWEY DECIMAL CLASSIFICATION NUMBER
Classification number LECT 332 MIS
100 ## - MAIN ENTRY--PERSONAL NAME
Author name MISHKIN, F. S.
245 ## - TITLE STATEMENT
Title The Economics of Money, Banking and Financial Markets
250 ## - EDITION STATEMENT
Edition statement 3rd Ed.
260 ## - PUBLICATION, DISTRIBUTION, ETC.
Place of publication, distribution, etc. Toronto,
Name of publisher, distributor, etc. Pearson,
Date of publication, distribution, etc. 2008.
300 ## - PHYSICAL DESCRIPTION
Extent xxx, 734p.: ill.; figure, graph, table.
Other physical details Glossary & index.
Dimensions 26cm.
700 ## - ADDED ENTRY--PERSONAL NAME
Other authors/Editors SERLETIS, A.
856 ## - ELECTRONIC LOCATION AND ACCESS
Link text Access Online Book
Electronic name The Economics of Money, Banking and Financial Markets
Path www.pearsoned.ca
942 ## - ADDED ENTRY ELEMENTS (KOHA)
Source of classification or shelving scheme Dewey Decimal Classification
Koha item type Books
Holdings
Date last seen Total checkouts Full call number Barcode Price effective from Koha item type Lost status Source of classification or shelving scheme Damaged status Not for loan Withdrawn status Home library Current library Shelving location Date acquired Cost, normal purchase price
05/07/2025   LECT 332 MIS 0000007918 05/07/2025 Books   Dewey Decimal Classification       College of Business Education Main Library College of Business Education Main Library General Collection 11/28/2014 50000.00